The birth of stars and planets / (Record no. 8672)

MARC details
000 -LEADER
fixed length control field 01418cam a22003737a 4500
001 - CONTROL NUMBER
control field 14676520
003 - CONTROL NUMBER IDENTIFIER
control field OSt
005 - DATE AND TIME OF LATEST TRANSACTION
control field 20240620145229.0
008 - FIXED-LENGTH DATA ELEMENTS--GENERAL INFORMATION
fixed length control field 061220s2006 enka b 001 0 eng d
010 ## - LIBRARY OF CONGRESS CONTROL NUMBER
LC control number 2006299919
015 ## - NATIONAL BIBLIOGRAPHY NUMBER
National bibliography number GBA582190
Source bnb
016 7# - NATIONAL BIBLIOGRAPHIC AGENCY CONTROL NUMBER
Record control number 013301617
Source Uk
020 ## - INTERNATIONAL STANDARD BOOK NUMBER
International Standard Book Number 0521801052 (hbk.)
024 3# - OTHER STANDARD IDENTIFIER
Terms of availability 9780521801058 (hbk.)
035 ## - SYSTEM CONTROL NUMBER
System control number (OCoLC)ocm61757070
035 ## - SYSTEM CONTROL NUMBER
System control number (OCoLC)61757070
040 ## - CATALOGING SOURCE
Original cataloging agency MUST LIB
Transcribing agency MUST
Modifying agency MUST
042 ## - AUTHENTICATION CODE
Authentication code lccopycat
050 00 - LIBRARY OF CONGRESS CALL NUMBER
Classification number QB806
Item number .B35 2006
082 04 - DEWEY DECIMAL CLASSIFICATION NUMBER
Classification number 523.8
Edition number 22
Item number BAL
100 1# - MAIN ENTRY--PERSONAL NAME
Personal name Bally, John.
9 (RLIN) 17536
245 14 - TITLE STATEMENT
Title The birth of stars and planets /
Statement of responsibility, etc. John Bally, Bo Reipurth.
260 ## - PUBLICATION, DISTRIBUTION, ETC. (IMPRINT)
Place of publication, distribution, etc. Cambridge, UK ;
-- New York :
Name of publisher, distributor, etc. Cambridge University Press,
Date of publication, distribution, etc. 2006.
300 ## - PHYSICAL DESCRIPTION
Extent x, 295 p. :
Other physical details col. ill. ;
Dimensions 29 cm.
504 ## - BIBLIOGRAPHY, ETC. NOTE
Bibliography, etc Includes bibliographical references and index.
650 #0 - SUBJECT ADDED ENTRY--TOPICAL TERM
Topical term or geographic name as entry element Stars
General subdivision Formation.
9 (RLIN) 17537
700 1# - ADDED ENTRY--PERSONAL NAME
Personal name Reipurth, Bo.
9 (RLIN) 17538
856 42 - ELECTRONIC LOCATION AND ACCESS
Materials specified Publisher description
Uniform Resource Identifier http://www.loc.gov/catdir/enhancements/fy0617/2006299919-d.html
856 41 - ELECTRONIC LOCATION AND ACCESS
Materials specified Table of contents only
Uniform Resource Identifier http://www.loc.gov/catdir/enhancements/fy0617/2006299919-t.html
856 42 - ELECTRONIC LOCATION AND ACCESS
Materials specified Contributor biographical information
Uniform Resource Identifier http://www.loc.gov/catdir/enhancements/fy0732/2006299919-b.html
906 ## - LOCAL DATA ELEMENT F, LDF (RLIN)
a 7
b cbc
c copycat
d 2
e ncip
f 20
g y-gencatlg
942 ## - ADDED ENTRY ELEMENTS (KOHA)
Source of classification or shelving scheme Dewey Decimal Classification
Koha item type Open Shelf
Holdings
Withdrawn status Lost status Source of classification or shelving scheme Damaged status Not for loan Home library Current library Date acquired Source of acquisition Inventory number Total Checkouts Full call number Barcode Date last seen Price effective from Koha item type
    Dewey Decimal Classification     MUST Main Library MUST Main Library 20/06/2024 Donation 11/32863   523.8 BAL 2024-20949 20/06/2024 20/06/2024 Open Shelf